Baseball Players Names Sudden Death - Statistics

General Stats
  • This quiz has been taken 28 times
  • The average score is 3 of 13
Answers on the Grid
Answers color-coded by a green-red scale on the quiz's grid according to % correct below.
Biz Mackey
Bullet Rogan
Coco Crisp
Stan Fouler
Freddie Freaman
Harry Hooper
Jet Punk
Oil Can Boid
Duck Gossage
Goose Gossage
Polo Reese
John Pork
Roger Lafrancois
Jorge Polanco
Babe Ruth
Jimmie Foxx
Sandy Alomar Jr
Jose Censeco
Poky Reese
Moonlight Graham
 
Answer Stats
Answer % Correct
Coco Crisp
73%
Babe Ruth
55%
Biz Mackey
27%
Goose Gossage
27%
Jimmie Foxx
27%
Oil Can Boid
18%
Sandy Alomar Jr
18%
Bullet Rogan
9%
Jorge Polanco
9%
Poky Reese
9%
Harry Hooper
0%
Moonlight Graham
0%
Roger Lafrancois
0%
No matching quizzes found
Score Distribution
Percent of People with Each Score
Percentile by Number Answered
Your Score History
You have not taken this quiz